000
00216 a2200097 4500
001
3057
100
_a
Reif, F
245
_a
Fund of statistical & thermal physics
260
_a
_b
Mc Graw hill
_c
090
_c
2342
_d
2342
942
_a
NUST-CAE
_c
M
_c
14914
999
_c
238130
_d
238130